Cricket: Highest Individual Career T20 Batting Average - Statistics

General Stats
  • This quiz has been taken 15 times
    11 since last reset
  • The average score is 10 of 20
Answer Stats
Country Years Runs Average Answer % Correct
PAK 2012-2021* 6769 45.42 Babar Azam
100%
IND 2007-2021* 9929 41.71 Virat Kohli
100%
AUS 2007-2021* 10017 37.80 David Warner
90%
SA 2004-2021* 9318 37.72 AB de Villiers
80%
WI 2005-2021* 14083 37.35 Chris Gayle
80%
IND 2013-2021* 5173 42.75 KL Rahul
80%
PAK 2009-2021* 3281 38.60 Mohammad Rizwan
70%
IND 2006-2021* 6858 38.74 MS Dhoni
70%
NZ 2011-2021* 3555 44.43 Devon Conway
60%
AUS 2003-2016 4569 37.45 Michael Hussey
50%
SA 2004-2019 6397 37.19 JP Duminy
40%
SA 2010-2021* 1176 40.55 Pieter Malan
40%
ENG 2018-2021* 1231 39.70 Harry Brook
30%
SA 2013-2021* 3952 37.63 Rassie van der Dussen
30%
IND 2019-2021* 1504 41.77 Devdutt Padikkal
20%
ENG 2016-2021* 2386 37.28 Sam Hain
20%
AUS 2006-2021* 6436 37.85 Shaun Marsh
20%
SA 2004-2009 1811 37.72 HD Ackerman
10%
AUS 2008-2014 1110 42.69 Phil Hughes
10%
PAK 2005-2014 1124 37.46 Taufeeq Umar
10%
No matching quizzes found
Score Distribution
Percent of People with Each Score
Percentile by Number Answered
Your Score History
You have not taken this quiz since the last reset